Presidentes de la Generalitat de Cataluña en la II Republica Española - Estadísticas

Estadísticas generales
  • Esta prueba ha sido intentada 22 veces
  • La puntuación promedio es 9 de 13
Estadísticas de respuestas
# Mandado (años) Nombre % Correcto
1 2024 - actualidad Salvador Illa
95%
5 2012 - 2016 Artur Mas
91%
4 2016 - 2017 Carles Puigdemont
86%
11 1933 - 1940 Lluís Companys
82%
3 2018 - 2020 Quim Torra
82%
2 2020 - 2024 Pere Aragonès
77%
13 1931 - 1933 Francesc Macià
73%
8 1980 - 2003 Jordi Pujol
68%
6 2006 - 2010 José Montilla
68%
7 2003 - 2006 Pascual Maragall
64%
9 1954 - 1980 Josep Tarradellas
55%
10 1940 - 1954 Josep Irla
45%
12 1933 - 1933 Joan Casanovas
5%
No se encontraron pruebas coincidentes
Distribución de puntuación
Porcentaje de gente con cada puntuación
Porcentaje por número respondido
Historial de tus puntuaciones
No has intentado esta prueba.